Sports Quiz

Random Sports or Baseball Quiz

Winningest Chicago Cubs managers Quiz Stats

Quiz not verified by Sporcle

Challenge
Share
Tweet
Embed
Score 0/10 Timer 05:00
0 Plays Today
Wins Manager % Correct
322Dusty Baker
88.2%
316Lou Piniella
78.7%
374Jim Riggleman
43.9%
535Leo Durocher
39.1%
768Frank Chance
38%
1282Cap Anson
34.6%
946Charlie Grimm
22.5%
442Joe McCarthy
18.9%
308Fred Mitchell
10%
300Bill Killefer
9.5%

You're not logged in!

Compare scores with friends on all Sporcle quizzes.
Sign Up with Email
OR
Log In

You Might Also Like...

Show Comments

Extras

Top Quizzes Today


Score Distribution

Your Account Isn't Verified!

In order to create a playlist on Sporcle, you need to verify the email address you used during registration. Go to your Sporcle Settings to finish the process.